La guerre d'Indochine dans la cinéma français : (Record no. 126746)
[ view plain ]
| 000 -LEADER | |
|---|---|
| campo de control de longitud fija | 01998nam a22002417a 4500 |
| 003 - IDENTIFICADOR DE NÚMERO DE CONTROL | |
| campo de control | BJBSDDR |
| 005 - FECHA Y HORA DE LA ÚLTIMA TRANSACCIÓN | |
| campo de control | 20260407115459.0 |
| 007 - CAMPO FIJO DE DESCRIPCIÓN FÍSICA--INFORMACIÓN GENERAL | |
| campo de control de longitud fija | ta |
| 008 - DATOS DE LONGITUD FIJA--INFORMACIÓN GENERAL | |
| campo de control de longitud fija | 260407s2015 fr ||||| |||| 00| 0 fre d |
| 020 ## - NÚMERO INTERNACIONAL ESTÁNDAR DEL LIBRO | |
| Número Internacional Estándar del Libro | 9782753534766 |
| 020 ## - NÚMERO INTERNACIONAL ESTÁNDAR DEL LIBRO | |
| Número Internacional Estándar del Libro | 2753534764 |
| 040 ## - FUENTE DE CATALOGACIÓN | |
| Lengua de catalogación | spa |
| Centro/agencia transcriptor | BJBSDDR |
| 041 ## - CÓDIGO DE IDIOMA | |
| Código de lengua del texto/banda sonora o título independiente | fre |
| 050 ## - SIGNATURA TOPOGRÁFICA DE LA BIBLIOTECA DEL CONGRESO | |
| Número de ítem | R654 2015 |
| 100 1# - ENTRADA PRINCIPAL--NOMBRE DE PERSONA | |
| Nombre de persona | Robic-Diaz, Delphine |
| 9 (RLIN) | 47827 |
| 245 13 - MENCIÓN DEL TÍTULO | |
| Título | La guerre d'Indochine dans la cinéma français : |
| Resto del título | images d'un trou de mémoire / |
| Mención de responsabilidad, etc. | Delphine Robic-Diaz, Pierre Schoendoerffer |
| 260 ## - PUBLICACIÓN, DISTRIBUCIÓN, ETC. | |
| Lugar de publicación, distribución, etc. | France : |
| Nombre del editor, distribuidor, etc. | Presses universitaires de Rennes, |
| Fecha de publicación, distribución, etc. | 2015 |
| 300 ## - DESCRIPCIÓN FÍSICA | |
| Extensión | 358 pages : |
| Otras características físicas | illustrations ; |
| Dimensiones | 24 cm |
| 520 ## - RESUMEN, ETC. | |
| Sumario, etc. | La guerre d'Indochine n'est pas seulement le sujet de quelques films de guerre réalisés par d'anciens enrôlés du Service cinématographique des armées tels Pierre Schoendoerffer ou Claude Bernard-Aubert. Elle est également un phénomène de société, dont la présence, ténue mais récurrente, est notable dans les fictions françaises (tous genres confondus) tournées depuis plus d'un demi-siècle par des cinéastes aussi reconnus que Louis Malle, Claude Chabrol, Georges Lautner, Pierre Granier-Deferre, Yves Boisset, Gérard Corbiau, Bertrand Tavernier, Régis Wargnier, etc. La guerre d'Indochine n'est jamais clairement dite dans ces films, mais elle s'avère impossible à taire totalement, comme s'il s'agissait d'un refoulé cinématographique tentant perpétuellement d'apparaître à l'écran. Trou de mémoire cinématographique, le conflit devient l'objet d'une mythification héritée du cinéma colonial, renouvelée par les enjeux des représentations post-coloniales. Ainsi, les références à la guerre d'Indochine sont-elles souvent sibyllines et toujours lancinantes, signalant une défaillance, un manque tant chez les personnages qui la stigmatisent (les anciens d'Indo) qu'au sein des récits qui y font allusion sans la mettre en scène. |
| 700 1# - ENTRADA AGREGADA--NOMBRE PERSONAL | |
| Nombre de persona | Schoendoerffer, Pierre |
| 9 (RLIN) | 47828 |
| 942 ## - ELEMENTOS DE ENTRADA SECUNDARIOS (KOHA) | |
| Fuente del sistema de clasificación o colocación | Clasificación de Library of Congress |
| Suprimir en OPAC | No |
| Tipo de ítem Koha | Libro |
| 946 ## - PROCESAMIENTO DE INFORMACIÓN LOCAL (OCLC) | |
| Iniciales del agente catalogador | cmc |
| Estatus retirado | Estado de pérdida | Fuente del sistema de clasificación o colocación | Estado de daño | No para préstamo | Colección | Biblioteca de origen | Biblioteca actual | Ubicación en estantería | Fecha de adquisición | Signatura topográfica completa | Código de barras | Visto por última vez | Copia número | Tipo de ítem Koha |
|---|---|---|---|---|---|---|---|---|---|---|---|---|---|---|
| Clasificación de Library of Congress | Automatización y Procesos Técnicos | Biblioteca Juan Bosch | Biblioteca Juan Bosch | Automatización y Procesos Técnicos (1er. Piso) | 07/04/2026 | R654 2015 | 00000198914 | 07/04/2026 | 1 | Libro |
